<?xml version="1.0" encoding="UTF-8"?>
<collection xmlns="http://www.loc.gov/MARC21/slim">
<record>
  <controlfield tag="001">2772</controlfield>
  <controlfield tag="005">20160701171710.0</controlfield>
  <datafield tag="037" ind1=" " ind2=" ">
    <subfield code="a">ASTROimport-929</subfield>
  </datafield>
  <datafield tag="100" ind1=" " ind2=" ">
    <subfield code="a">Thuillot, W.</subfield>
  </datafield>
  <datafield tag="260" ind1=" " ind2=" ">
    <subfield code="c">2012</subfield>
  </datafield>
  <datafield tag="245" ind1=" " ind2=" ">
    <subfield code="a">A New Consortium: the European Satellite Partnership for Computing Ephemerides (ESPaCE)</subfield>
  </datafield>
  <datafield tag="520" ind1=" " ind2=" ">
    <subfield code="a">ESPaCE, the European Satellite PArtnership for Computing Ephemerides,  is a new EC-FP7 program which aims at strengthening the collaborative activities in the domain of the development of ephemerides and reference systems for natural satellites and spacecraft. This program started in June 2011 for a 4 year duration. For this program, teams from seven European  institutions (IMCCE, ROB, TUB, JIVE, DLR, CNES, TUD) convened to get benefit from their mutual expertises in order to reach a better knowledge of the dynamics and physics of  natural satellites and of spacecraft motions. All the results and documents, in particular improved ephemerides,  will be made available using standard formats (VO standard, SPICE kernels) for the use by space agencies, planetary scientists, or the public. </subfield>
  </datafield>
  <datafield tag="700" ind1=" " ind2=" ">
    <subfield code="a"> Lainey, V.</subfield>
  </datafield>
  <datafield tag="700" ind1=" " ind2=" ">
    <subfield code="a"> Dehant, V.</subfield>
  </datafield>
  <datafield tag="700" ind1=" " ind2=" ">
    <subfield code="a"> De Cuyper, J.-P.</subfield>
  </datafield>
  <datafield tag="700" ind1=" " ind2=" ">
    <subfield code="a"> Arlot, J.-E.</subfield>
  </datafield>
  <datafield tag="700" ind1=" " ind2=" ">
    <subfield code="a"> Gurvits, L.</subfield>
  </datafield>
  <datafield tag="700" ind1=" " ind2=" ">
    <subfield code="a"> Hussmann, H.</subfield>
  </datafield>
  <datafield tag="700" ind1=" " ind2=" ">
    <subfield code="a"> Oberst, J.</subfield>
  </datafield>
  <datafield tag="700" ind1=" " ind2=" ">
    <subfield code="a"> Rosenblatt, P.</subfield>
  </datafield>
  <datafield tag="700" ind1=" " ind2=" ">
    <subfield code="a"> Marty, J.-C.</subfield>
  </datafield>
  <datafield tag="700" ind1=" " ind2=" ">
    <subfield code="a"> Vermeersen, B.</subfield>
  </datafield>
  <datafield tag="773" ind1=" " ind2=" ">
    <subfield code="p">Astronomical Data Analysis Software and Systems XXI</subfield>
    <subfield code="v">461</subfield>
    <subfield code="y">2012</subfield>
    <subfield code="c">659</subfield>
  </datafield>
  <datafield tag="856" ind1="4" ind2="2">
    <subfield code="a">http://esoads.eso.org/abs/2012ASPC..461..659T</subfield>
  </datafield>
  <datafield tag="905" ind1=" " ind2=" ">
    <subfield code="a">published in</subfield>
  </datafield>
  <datafield tag="980" ind1=" " ind2=" ">
    <subfield code="a">NONREF</subfield>
  </datafield>
</record>
</collection>